〈Minecraft〉村人の職業クイズ - Statistics

General Stats
  • This quiz has been taken 341 times
  • The average score is 9 of 15
Answer Stats
職業 職業ブロック % Correct
無職 (就かない)
90%
司書 書見台
78%
農民 コンポスター
73%
釣り人
73%
矢師 矢細工台
72%
製図家 製図台
68%
肉屋 燻製器
65%
聖職者 醸造台
59%
防具鍛冶 溶鉱炉
56%
武器鍛冶 砥石
55%
石工 石切台
52%
道具鍛冶 鍛冶台
49%
羊飼い 機織り機
45%
求職者 (就いていない)
45%
革細工師 大釜
40%
No matching quizzes found
Score Distribution
Percent of People with Each Score
Percentile by Number Answered
Your Score History
You have not taken this quiz